al-Islām fī al-Maghrib wa-al-Andulus /

محفوظ في:

المؤلف الرئيسي: Lévi-Provençal, Evariste, 1894-1956 (مؤلف)

مؤلفون آخرون: Ḥilmị, Muḥammad Ṣalāḥ al-Dīn., Sāliḥ, Maḥmūd ʻAbd al-ʻAzīz.

التنسيق: كتاب

اللغة: Arabic
French

الموضوعات:

الوسوم: إضافة وسم

لا توجد وسوم, كن أول من يضع وسما على هذه التسجيلة!

رقم الطلب: DP99 .L562 1956

LEADER 01635nam a2200313Ia 4500
003 OSt
005 20230306095154.0
008 130303s1956 ua g b 000 0 ara d
952 |0 0  |1 0  |2 lcc  |4 0  |6 DP0099 L562 01956  |7 1  |9 45737  |a ARCE  |b ARCE  |d 2023-03-06  |l 0  |o DP99 .L562 1956  |p 1022469  |r 2023-03-06 00:00:00  |w 2023-03-06  |y BK 
999 |c 29082  |d 29082 
040 |c ARCE Library 
041 1 |a ara  |h fre 
043 |a e-sp---  |a af-mr---  |a af------ 
050 4 |a DP99 .L562 1956 
100 1 |a Lévi-Provençal, Evariste,  |d 1894-1956,  |e author 
240 1 0 |a Islam d'Occident.  |l Arabic 
245 1 3 |6 880-02  |a al-Islām fī al-Maghrib wa-al-Andulus /  |c Évariste Lévi-Provençal ; tarjamahu Maḥmūd ʻAbd al-ʻAzīz Sāliḥ, Muḥammad Ṣalāḥ al-Dīn Ḥilmị. 
264 1 |a [al-Qāhirah :  |b Maktabat Nahḍat Miṣr,  |c 1956]. 
300 |a 307 pages ;   |c 20 cm. 
500 |a Translation of : Islam d'Occident. 
504 |a Includes bibliographical references. 
650 0 |a Muslims  |z Spain. 
650 0 |a Muslims  |z Morocco. 
650 0 |a Muslims  |z Africa. 
700 1 |a Ḥilmị, Muḥammad Ṣalāḥ al-Dīn. 
700 1 |a Sāliḥ, Maḥmūd ʻAbd al-ʻAzīz. 
880 1 2 |6 245-02/(3/r  |a الإسلام في المغرب و الأندلس   |c ا. ليڤي پروڤنسال ؛ ترجمة محمود عبد العزيز سالم، محمد صلاح الدين حلمي.‪‪‪‪‪‪‪‪‪‪‪‪‪‪‪‪‪‪‪‪‪‪‪‪‪‪‪‪‪‪‪‪‪‪‪‪‪‪‪‪‪‪‪‪‪‪‪‪‪‪‪‪‪‪‪‪‪‪‪‪‪‪‪‪‪‪‪‪‪‪‪‪‪‪‪‪‪‪‪‪ 
901 |a reviewed 
942 |c BK  |2 lcc